[Event "?"]
[Site "?"]
[Date "2009.08.23"]
[Round "4.26"]
[White "Reiter, Ute"]
[Black "Kaplun, David"]
[Result "0-1"]
[WhiteElo "1279"]
[BlackElo "1527"]
[PlyCount "80"]
[EventDate "2009.??.??"]
[WhiteTeam "Brühler Schachklub 1920 e.V."]
[BlackTeam "Schachclub Erkrath 1973"]

1. e4 c5 2. Nf3 e6 3. Nc3 a6 4. Bc4 b5 5. Be2 Bb7 6. d3 d6 7. O-O Qc7 8. a3 Nf6
9. Bd2 Nbd7 10. Re1 Be7 11. b4 Rc8 12. Rc1 O-O 13. Na2 cxb4 14. Bxb4 Nb6 15. e5
dxe5 16. Bxe7 Qxe7 17. Nxe5 Qxa3 18. Ra1 Qc5 19. Bf3 Bxf3 20. Nxf3 Qxc2 21.
Qxc2 Rxc2 22. Nd4 Rb2 23. Nc3 b4 24. Ne4 Nxe4 25. Rxe4 a5 26. Kf1 a4 27. Nc6 b3
28. Rb4 Ra2 29. Rb1 Nd5 30. Rb7 h6 31. g3 Rd2 32. Ra7 Nc3 33. Rc1 b2 34. Rxc3
b1=Q+ 35. Kg2 Rxd3 36. Rc4 a3 37. Rca4 Qb2 38. Ra8 Rxa8 39. Rxa8+ Kh7 40. Ne5
Qxe5 0-1

[Event "?"]
[Site "?"]
[Date "2009.08.23"]
[Round "4.27"]
[White "Schröter, Ron"]
[Black "Wassem, Michael"]
[Result "0-1"]
[WhiteElo "1098"]
[BlackElo "1498"]
[PlyCount "100"]
[EventDate "2009.??.??"]
[WhiteTeam "Schachverein Horrem 1948"]
[BlackTeam "Schachklub Turm Euskirchen 65"]

1. e4 d5 2. d4 dxe4 3. Nc3 Nf6 4. f3 exf3 5. Nxf3 Bf5 6. Bc4 e6 7. O-O c6 8.
Bf4 Nbd7 9. Re1 Be7 10. Ne5 Nxe5 11. Bxe5 Bd6 12. Ne4 Bxe5 13. dxe5 Qxd1 14.
Nxf6+ gxf6 15. Raxd1 fxe5 16. Rxe5 Rd8 17. Rf1 O-O 18. Rf3 Rd1+ 19. Kf2 Rd2+
20. Re2 Rxc2 21. Rxf5 Rxe2+ 22. Kxe2 exf5 23. Bd3 Re8+ 24. Kf3 Rd8 25. Bxf5 Rd2
26. Bc8 Rxb2 27. h3 b6 28. Bb7 c5 29. Bd5 b5 30. g4 c4 31. h4 c3 32. Be4 c2 33.
Bxc2 Rxc2 34. h5 Rxa2 35. h6 f6 36. Ke4 Rc2 37. Kd3 Rc8 38. Ke3 b4 39. Kf3 b3
40. Kg3 b2 41. Kf4 b1=Q 42. Ke3 Qe1+ 43. Kf4 Qf2+ 44. Ke4 Re8+ 45. Kd3 Qe3+ 46.
Kc4 Re4+ 47. Kd5 Qd4+ 48. Kc6 Re6+ 49. Kb5 Rb6+ 50. Ka5 Qb4# 0-1

[Event "?"]
[Site "?"]
[Date "2009.08.23"]
[Round "4.28"]
[White "Wilde, Christian"]
[Black "Ziemer, Wolfgang"]
[Result "0-1"]
[WhiteElo "962"]
[BlackElo "1482"]
[PlyCount "56"]
[EventDate "2009.??.??"]
[WhiteTeam "Schachfreunde Köln-Longerich 195"]
[BlackTeam "Schachclub Erkrath 1973"]

1. c4 c5 2. d3 Nf6 3. Nd2 b6 4. Ngf3 Bb7 5. e4 d6 6. Be2 e5 7. h3 Be7 8. Nh2
Nc6 9. Nb3 a6 10. a4 b5 11. axb5 axb5 12. Rxa8 Qxa8 13. Bg5 bxc4 14. Qa1 cxb3
15. Qxa8+ Bxa8 16. O-O h6 17. Ra1 O-O 18. Be3 Nd7 19. f4 exf4 20. Bxf4 Nd4 21.
Bd1 g5 22. Be3 Bf6 23. Ra3 Nc2 24. Rxb3 Nxe3 25. Bg4 Ne5 26. Rb6 Nxd3 27. Rxd6
Bd4 28. Nf3 Nf5+ 0-1

[Event "?"]
[Site "?"]
[Date "2009.08.23"]
[Round "4.31"]
[White "Jansen, Kurt"]
[Black "Fieberg, Christoph"]
[Result "0-1"]
[WhiteElo "1555"]
[BlackElo "1779"]
[PlyCount "82"]
[EventDate "2009.??.??"]
[WhiteTeam "Schachklub Sülz-Klettenberg"]
[BlackTeam "Bergische Schachfreunde 1923 Ber"]

1. e4 d6 2. Nc3 e5 3. Bc4 Be7 4. Nd5 Bg5 5. d3 Bxc1 6. Rxc1 c6 7. Ne3 Nf6 8. a4
O-O 9. Ne2 d5 10. exd5 cxd5 11. Bb3 Re8 12. O-O Be6 13. Ng3 Nc6 14. c3 Qb6 15.
Rb1 Rad8 16. Ba2 Qc5 17. Rc1 a5 18. h3 Qa7 19. Nh5 Nxh5 20. Qxh5 Qc5 21. Ng4 f5
22. Ne3 g6 23. Qh6 f4 24. Ng4 Qe7 25. f3 Rf8 26. Rce1 Rf5 27. Rxe5 Nxe5 28. Re1
Nf7 29. Rxe6 Qxe6 30. Qh4 h5 31. Nh6+ Kg7 32. Nxf5+ Qxf5 33. Qe7 Qe5 34. Qxb7
Qe1+ 35. Kh2 Qg3+ 36. Kg1 Re8 37. Qxf7+ Kxf7 38. Bxd5+ Kf6 39. Be4 Rb8 40. d4
Rxb2 41. Bd3 Qxg2# 0-1

[Event "?"]
[Site "?"]
[Date "2009.08.23"]
[Round "4.33"]
[White "Hingst, Dieter Max Otto"]
[Black "Sloka, Andreas"]
[Result "1/2-1/2"]
[WhiteElo "995"]
[BlackElo "1753"]
[PlyCount "100"]
[EventDate "2009.??.??"]
[WhiteTeam "Brühler Schachklub 1920 e.V."]
[BlackTeam "Schachgemeinschaft Siebengebirge"]

1. e4 c5 2. Nc3 d6 3. Bb5+ Bd7 4. Bxd7+ Nxd7 5. d4 cxd4 6. Qxd4 e5 7. Qd2 Ngf6
8. Nf3 Be7 9. h3 Nc5 10. Qe2 Qb6 11. Qb5+ Qxb5 12. Nxb5 O-O 13. Nc3 Ncxe4 14.
Nxe4 Nxe4 15. h4 Rac8 16. c3 b5 17. Bg5 Bxg5 18. Nxg5 Nc5 19. Ke2 h6 20. b4
hxg5 21. bxc5 Rxc5 22. Rac1 g4 23. h5 Rd8 24. h6 gxh6 25. Rxh6 Kg7 26. Rch1
Rxc3 27. Rh7+ Kf8 28. Rb1 a6 29. a4 Rb8 30. Rh8+ Ke7 31. Rxb8 bxa4 32. R1b7+
Ke6 33. Re8+ Kd5 34. Ra7 Ke4 35. Rxa6 Rc2+ 36. Kd1 Rxf2 37. Rxa4+ Kd3 38. Ra3+
Ke4 39. Ra4+ Kd3 40. Ra3+ Ke4 41. Ra4+ Kf5 42. Ra7 Rxg2 43. Rxf7+ Ke4 44. Ra8
d5 45. Rf1 d4 46. Re1+ Kf3 47. Rf8+ Kg3 48. Rxe5 Kh2 49. Rh8+ Kg3 50. Rd8 Rg1+
1/2-1/2

[Event "?"]
[Site "?"]
[Date "2009.08.23"]
[Round "5.1"]
[White "Marcziter, Dmitrii"]
[Black "Rotstein, Jefim"]
[Result "1/2-1/2"]
[WhiteElo "2238"]
[BlackElo "2370"]
[PlyCount "30"]
[EventDate "2009.??.??"]
[WhiteTeam "Kölner Schachklub Dr. Lasker 186"]
[BlackTeam "Schachfreunde Brück-Rath-Heumar"]

1. d4 d5 2. Nf3 Nf6 3. c4 c6 4. Nc3 e6 5. cxd5 exd5 6. Bg5 Be7 7. Qc2 Bg4 8.
Ne5 Bh5 9. e3 Nbd7 10. Bf4 Nxe5 11. Bxe5 Bg6 12. Bd3 Bxd3 13. Qxd3 O-O 14. O-O
Bd6 15. Bxd6 Qxd6 1/2-1/2

[Event "?"]
[Site "?"]
[Date "2009.08.23"]
[Round "5.2"]
[White "Scholl, Martin"]
[Black "Begri, Robert"]
[Result "1-0"]
[WhiteElo "2070"]
[BlackElo "2064"]
[PlyCount "177"]
[EventDate "2009.??.??"]
[WhiteTeam "SV Altbach e.V."]
[BlackTeam "Tischtennisclub Grün-Weiß-Fritzd"]

1. c4 e6 2. Nc3 Nf6 3. e4 d5 4. e5 d4 5. exf6 dxc3 6. bxc3 Qxf6 7. Nf3 e5 8.
Bd3 Na6 9. Qe2 Bd6 10. O-O Nc5 11. Bc2 Bg4 12. d4 Bxf3 13. Qxf3 (13. gxf3 Ne6
14. c5 Be7 15. dxe5 Qh4 16. Qb5+ c6 17. Qxb7 $18) 13... Qxf3 14. gxf3 exd4 15.
cxd4 Ne6 16. Ba4+ c6 17. d5 Nc5 18. Re1+ Kd7 19. dxc6+ bxc6 20. Bc2 Ne6 21. Bf5
Rhe8 22. Rd1 Kc7 23. Bd2 Bc5 24. Ba5+ Bb6 25. Bb4 c5 26. Bxe6 cxb4 27. Bxf7 Re2
28. c5 Bxc5 29. Rac1 Kb6 30. Rd7 Rc8 31. Kg2 Rxf2+ 32. Kg3 Re2 33. Bc4 Bf2+ 34.
Kg4 h5+ 35. Kxh5 Re5+ 36. Kg6 Rc6+ 37. Kxg7 Rec5 38. Rf1 Bh4 39. Bd5 Rf6 40.
Rd1 Rf4 41. Rb7+ Ka6 42. Rf7 Rxf7+ 43. Bxf7 Rc2 44. Rd4 Be1 45. Rd6+ Kb5 46.
Be8+ Ka5 47. Bf7 Bc3+ 48. Kg6 Rxh2 49. Bc4 Rg2+ 50. Kf5 b3 51. a3 Ka4 52. Ra6+
Ba5 53. Bxb3+ Kb5 54. Bc4+ Ka4 55. Rxa7 Rf2 56. Ke4 Rh2 57. f4 Rh1 58. Bd3 Re1+
59. Kd5 Rd1 60. Kd4 Ra1 61. f5 Rxa3 62. f6 Kb3 63. Rb7+ Bb4 64. Bc4+ Ka4 65.
Ra7+ Ba5 66. Bd5 Kb5 67. Rb7+ Ka6 68. f7 Ra4+ 69. Bc4+ Kxb7 70. f8=Q Bb6+ 71.
Kd5 Ra5+ 72. Ke6 Rc5 73. Bd5+ Ka6 74. Qf1+ Ka5 75. Qa1+ Kb5 76. Qb2+ Ka6 77.
Qa3+ Ra5 78. Bc4+ Kb7 79. Qe7+ Bc7 80. Bd5+ Kb6 81. Qd7 Rc5 82. Qc8 Ka5 83. Qb7
Bb6 84. Qa8+ Kb5 85. Bb7 Ba5 86. Qa6+ Kb4 87. Qd6 Kc4 88. Ba6+ Kb4 89. Qd4+ 1-0

[Event "?"]
[Site "?"]
[Date "2009.08.23"]
[Round "5.4"]
[White "Calder, Dennis"]
[Black "Vasiljev, Jurij"]
[Result "1/2-1/2"]
[WhiteElo "1934"]
[BlackElo "2135"]
[PlyCount "75"]
[EventDate "2009.??.??"]
[WhiteTeam "Bremer SG von 1877"]
[BlackTeam "Schachfreunde Moers e.V."]

1. d4 Nf6 2. Nf3 e6 3. c4 d5 4. Bg5 Be7 5. e3 O-O 6. Nc3 Nbd7 7. Rc1 c6 8. Qc2
h6 9. Bf4 Nh5 10. Bd3 Nxf4 11. exf4 dxc4 12. Bxc4 Nb6 13. Bb3 Nd5 14. g3 Bd7
15. O-O Rc8 16. a3 Nf6 17. Ne4 Qa5 18. Ne5 Rfd8 19. Ba2 Be8 20. Rfd1 Nd5 21.
Bb1 f5 22. Nc5 Bxc5 23. dxc5 b5 24. Qe2 Qc7 25. b4 Qe7 26. Rd3 Ra8 27. Qd2 a5
28. Rd1 axb4 29. axb4 Ra4 30. Ba2 Rda8 31. Bb3 Ra1 32. Kg2 Rxd1 33. Bxd1 Ra1
34. Bf3 Qa7 35. Rb3 Ra2 36. Rb2 Ra1 37. Qc2 g6 38. h4 1/2-1/2

[Event "?"]
[Site "?"]
[Date "2009.08.23"]
[Round "5.5"]
[White "Freundlieb, Thomas"]
[Black "Wolff, Michael"]
[Result "1/2-1/2"]
[WhiteElo "2078"]
[BlackElo "1944"]
[PlyCount "97"]
[EventDate "2009.??.??"]
[WhiteTeam "Schachverein Bergneustadt/Dersch"]
[BlackTeam "SC Matt im Park Ffm"]

1. d4 Nf6 2. Nf3 g6 3. Bg5 Ne4 4. Bf4 Bg7 5. Nbd2 Nxd2 6. Qxd2 d5 7. c3 Nd7 8.
Bh6 Bf6 9. h4 b6 10. e3 Bb7 11. Bd3 e5 12. dxe5 Nxe5 13. Nxe5 Bxe5 14. Qe2 Qe7
15. Ba6 Bc6 16. Bb5 Qc5 17. Bxc6+ Qxc6 18. Qd3 O-O-O 19. Qa6+ Kb8 20. a4 Qb7
21. Qxb7+ Kxb7 22. O-O-O c6 23. Kc2 Rhe8 24. Rh3 f5 25. Bg5 Rc8 26. h5 Rc7 27.
Rdh1 Rg8 28. g3 c5 29. Kd3 Bg7 30. hxg6 hxg6 31. Rh7 Rgc8 32. Bf4 Rd7 33. Bh6
Rg8 34. Bxg7 Rdxg7 35. R1h6 Kc6 36. b3 Kd6 37. Rh8 Rxh8 38. Rxh8 Kc6 39. Rh6
Kd7 40. c4 Kd6 41. Rh8 dxc4+ 42. Kxc4 Kc6 43. Rh6 a6 44. f3 b5+ 45. Kc3 Kd5 46.
Rh8 Re7 47. Rd8+ Kc6 48. axb5+ axb5 49. Rd3 1/2-1/2

[Event "?"]
[Site "?"]
[Date "2009.08.23"]
[Round "5.6"]
[White "Kronseder, Michael"]
[Black "Hirth, Ulrich"]
[Result "0-1"]
[WhiteElo "1489"]
[BlackElo "2119"]
[PlyCount "100"]
[EventDate "2009.??.??"]
[WhiteTeam "Schachverein 1925 Hürth-Berrenra"]
[BlackTeam "Schachklub Turm Euskirchen 65"]

1. Nf3 g6 2. g3 Bg7 3. Bg2 e5 4. d3 d5 5. c3 Ne7 6. O-O O-O 7. Nbd2 f5 8. e4
dxe4 9. dxe4 f4 10. Qb3+ Kh8 11. Ng5 Qe8 12. Ndf3 h6 13. Ne6 Bxe6 14. Qxe6 Nbc6
15. gxf4 exf4 16. Nh4 g5 17. Nf5 Nxf5 18. Qxe8 Raxe8 19. exf5 Rxf5 20. Bd2 Re2
21. Rad1 f3 22. Bh3 Rf8 23. Rfe1 Rfe8 24. Bf1 Rxe1 25. Rxe1 Rd8 26. Bc1 Ne5 27.
h4 g4 28. Bxh6 Bxh6 29. Rxe5 Rd2 30. Re4 Rxb2 31. Rxg4 Rc2 32. Rc4 c6 33. a4
Bd2 34. Bd3 Rc1+ 35. Kh2 Bxc3 36. Kh3 Kg7 37. Kg4 Kf6 38. Kxf3 Ke5 39. h5 Bd2
40. Rxc1 Bxc1 41. Kg4 a6 42. f3 b5 43. axb5 axb5 44. Be2 b4 45. Bc4 c5 46. Ba2
Bh6 47. Bb3 Kd4 48. Kf5 c4 49. Ba2 b3 50. Bb1 c3 0-1

[Event "?"]
[Site "?"]
[Date "2009.08.23"]
[Round "5.7"]
[White "Vandenbergen, Nicolas"]
[Black "Fabregas, Oliver"]
[Result "1/2-1/2"]
[WhiteElo "2098"]
[BlackElo "1857"]
[PlyCount "41"]
[EventDate "2009.??.??"]
[WhiteTeam "Schachklub Turm Euskirchen 65"]
[BlackTeam "SV Laatzen"]

1. Nc3 c5 2. Nf3 d6 3. d4 cxd4 4. Nxd4 a6 5. g3 Nf6 6. Bg2 e5 7. Nb3 Be7 8. O-O
O-O 9. Bg5 Nbd7 10. h3 Qc7 11. Qd2 Rb8 12. a4 b6 13. e4 Bb7 14. Rfd1 Rfd8 15.
Qe3 Nf8 16. Rac1 Ne6 17. Bxf6 Bxf6 18. h4 Nd4 19. Ne2 Ne6 20. Nc3 Nd4 21. Ne2
1/2-1/2

[Event "?"]
[Site "?"]
[Date "2009.08.23"]
[Round "5.8"]
[White "Evers, Leo"]
[Black "Höck, Sebastian"]
[Result "1-0"]
[WhiteElo "2097"]
[BlackElo "1850"]
[PlyCount "49"]
[EventDate "2009.??.??"]
[WhiteTeam "Schachfreunde Köln-Mülheim e.V."]
[BlackTeam "Brühler Schachklub 1920 e.V."]

1. d4 Nf6 2. c4 g6 3. Nc3 Bg7 4. e4 d6 5. f3 O-O 6. Be3 Nbd7 7. Qd2 e5 8. Nge2
exd4 9. Nxd4 Ne5 10. Be2 Re8 11. O-O Be6 12. b3 Nfd7 13. f4 Nc6 14. Nxc6 bxc6
15. f5 gxf5 16. exf5 Bxf5 17. Rxf5 Qe7 18. Bd4 Qe6 19. Raf1 Bh6 20. Qd3 Be3+
21. Bxe3 Qxe3+ 22. Qxe3 Rxe3 23. R1f3 Rae8 24. Rxe3 Rxe3 25. Rf3 1-0

[Event "?"]
[Site "?"]
[Date "2009.08.23"]
[Round "5.9"]
[White "Eigemann, Julian"]
[Black "Zotkin, Alexander"]
[Result "0-1"]
[WhiteElo "1740"]
[BlackElo "2024"]
[PlyCount "150"]
[EventDate "2009.??.??"]
[WhiteTeam "Schachfreunde Köln-Mülheim e.V."]
[BlackTeam "Schachfreunde Köln-Longerich 195"]

1. e4 c5 2. Nf3 d6 3. d3 g6 4. Nbd2 Bg7 5. g3 Nc6 6. Bg2 Rb8 7. O-O Nf6 8. Nh4
e5 9. f4 exf4 10. gxf4 Nh5 11. Ndf3 Bg4 12. c3 O-O 13. h3 Qxh4 14. Nxh4 Bxd1
15. Rxd1 h6 16. Bd2 Ne7 17. Bf3 Bf6 18. Ng2 Ng7 19. Ne3 Ne8 20. Kh2 Kh7 21. Rg1
b5 22. Rg2 a5 23. Rf1 b4 24. Ng4 Bg7 25. f5 g5 26. Kh1 Nc6 27. h4 bxc3 28. Bxc3
Bxc3 29. bxc3 h5 30. Ne3 g4 31. Bd1 Rb1 32. Bc2 Rxf1+ 33. Nxf1 Nf6 34. Ne3 Ne5
35. Kh2 Rb8 36. Nd1 Kg7 37. Kg3 Nf3 38. Re2 Nd7 39. Re3 Nde5 40. Re2 Nc6 41.
Bb3 Na7 42. Rb2 Ne5 43. Bc2 Rxb2 44. Nxb2 Nb5 45. c4 Nc3 46. a3 Nf3 47. Bd1
Nxd1 48. Nxd1 Kf6 49. Nf2 a4 50. Nd1 Ne1 51. Nb2 Ke5 52. Nxa4 Nxd3 53. Nc3 Nb2
54. Ne2 Nxc4 55. Nf4 Kxe4 56. Nxh5 Kxf5 57. Ng7+ Kg6 58. Ne8 f5 59. a4 d5 60.
Nc7 d4 61. Ne6 Kf6 62. Nxc5 Ke5 63. Nd3+ Ke4 64. Nf2+ Kd5 65. Kf4 Nd6 66. h5
Kc4 67. h6 d3 68. h7 Nf7 69. Kxf5 g3 70. Nh3 d2 71. Kg6 Nh8+ 72. Kg7 d1=Q 73.
Kxh8 Qd8+ 74. Kg7 Qd7+ 75. Kg8 Qxh3 0-1

[Event "?"]
[Site "?"]
[Date "2009.08.23"]
[Round "5.10"]
[White "Lantsman, Boris"]
[Black "Proba, Stefan"]
[Result "0-1"]
[WhiteElo "1890"]
[BlackElo "2012"]
[PlyCount "134"]
[EventDate "2009.??.??"]
[WhiteTeam "Ford-Schachfreunde Köln e.V."]
[BlackTeam "Ford-Schachfreunde Köln e.V."]

1. e4 c6 2. d4 d5 3. Nc3 b5 4. exd5 b4 5. Nb1 cxd5 6. Nf3 e6 7. Ne5 Nf6 8. Bb5+
Bd7 9. Nxd7 Nbxd7 10. Be3 Qb6 11. Bd3 Bd6 12. Nd2 O-O 13. O-O Qc7 14. h3 Nb6
15. Bg5 Nbd7 16. c4 bxc3 17. Rc1 Qa5 18. bxc3 Rab8 19. c4 dxc4 20. Nxc4 Qxg5
21. Nxd6 Qd5 22. Nc4 Rfc8 23. Re1 g6 24. Bf1 Nb6 25. Re5 Qd8 26. Rb5 Nxc4 27.
Rxb8 Rxb8 28. Rxc4 Nd5 29. Rc5 Qf6 30. Rc2 Rb4 31. Rd2 Qf5 32. a3 Rb1 33. Qf3
Qxf3 34. gxf3 Ra1 35. Rd3 Nf4 36. Rb3 Ne2+ 37. Kg2 Nxd4 38. Rc3 Kg7 39. Bd3 Nf5
40. Bb5 Nh4+ 41. Kg3 g5 42. Kh2 Ra2 43. Kg1 Ng6 44. a4 Nf4 45. Rc7 Nxh3+ 46.
Kg2 Nf4+ 47. Kg3 Ra1 48. Rxa7 Rh1 49. Be8 h5 50. Rxf7+ Kg8 51. Rxf4 gxf4+ 52.
Kxf4 Kf8 53. Bc6 Rg1 54. Ke3 h4 55. f4 h3 56. Kd4 h2 57. Bf3 h1=Q 58. Bxh1 Rxh1
59. Kc5 Kf7 60. a5 Kf6 61. a6 Kf5 62. a7 Ra1 63. Kb6 Kxf4 64. Kb7 e5 65. a8=Q
Rxa8 66. Kxa8 Kf3 67. Kb7 Kxf2 0-1

[Event "?"]
[Site "?"]
[Date "2009.08.23"]
[Round "5.11"]
[White "Schlegel, Andreas"]
[Black "Viganske, Christian"]
[Result "0-1"]
[WhiteElo "1684"]
[BlackElo "1866"]
[PlyCount "118"]
[EventDate "2009.??.??"]
[WhiteTeam "Schachklub Kerpen 64 e.V."]
[BlackTeam "Schachklub Turm Euskirchen 65"]

1. e4 c5 2. Nf3 d6 3. d4 cxd4 4. Nxd4 Nf6 5. Nc3 g6 6. Be3 Bg7 7. f3 Nc6 8. Qd2
O-O 9. g4 Bd7 10. O-O-O Rc8 11. h4 h5 12. Nxc6 Bxc6 13. Bh6 Qa5 14. Bxg7 Kxg7
15. g5 Nd7 16. Kb1 Nb6 17. f4 Na4 18. Nxa4 Qxd2 19. Rxd2 Bxa4 20. Bg2 Rc5 21.
b3 Bc6 22. Re1 f6 23. Rf1 fxg5 24. hxg5 a5 25. Kb2 b5 26. a3 Rf7 27. Rff2 Kf8
28. Rf1 Ke8 29. Rff2 Kd7 30. Rf1 Kc7 31. Rff2 Bd7 32. Bf1 b4 33. Bg2 bxa3+ 34.
Kxa3 Bg4 35. Kb2 e5 36. f5 gxf5 37. exf5 Rxf5 38. Rxf5 Bxf5 39. Rf2 Bg6 40. c3
e4 41. Re2 Rxg5 42. Bxe4 Bf7 43. Bf3 Kd7 44. Rh2 Ke6 45. Bd1 Bg6 46. Re2+ Re5
47. Rxe5+ dxe5 48. Bf3 e4 49. Bg2 Ke5 50. b4 axb4 51. cxb4 Be8 52. Kc3 Kf4 53.
Kd2 e3+ 54. Ke1 Bb5 55. Bf1 Bxf1 56. Kxf1 Kf3 57. b5 e2+ 58. Ke1 h4 59. b6 h3
0-1

[Event "?"]
[Site "?"]
[Date "2009.08.23"]
[Round "5.12"]
[White "Wulfken, Christof"]
[Black "Karwatzki, Hans-Jürgen"]
[Result "1-0"]
[WhiteElo "2072"]
[BlackElo "1774"]
[PlyCount "95"]
[EventDate "2009.??.??"]
[WhiteTeam "Godesberger Schachklub 1929 e.V."]
[BlackTeam "Vereinigung der SF Stadtverw. Bo"]

1. d4 Nf6 2. Nf3 d5 3. c4 e6 4. Bg5 c5 5. cxd5 exd5 6. e3 Be6 7. Bb5+ Nc6 8.
Qa4 Bd7 9. Ne5 Be7 10. Nxc6 bxc6 11. Be2 O-O 12. dxc5 Bxc5 13. O-O Qe7 14. Nc3
Rfb8 15. Qc2 h6 16. Bh4 Rb4 17. Bxf6 gxf6 18. a3 Rbb8 19. Rac1 Bd6 20. Rfd1 Qe5
21. g3 Kf8 22. Bf3 Bf5 23. e4 Bg6 24. Qd2 dxe4 25. Bxe4 Bxe4 26. Nxe4 Qxe4 27.
Qxd6+ Qe7 28. Qxc6 Rd8 29. Rxd8+ Qxd8 30. b4 Kg7 31. Qf3 Rb8 32. Qg4+ Kh7 33.
Rd1 Qc7 34. Qd7 Qb7 35. Qf5+ Kg7 36. Rd4 Rc8 37. Qg4+ Kf8 38. Qd1 Qc7 39. Rd7
Qc4 40. Qd5 Qxd5 41. Rxd5 Rc7 42. Kg2 Kg7 43. b5 Rc3 44. a4 Ra3 45. Rd4 f5 46.
Kh3 Kg6 47. Rd6+ Kg7 48. Ra6 1-0

[Event "?"]
[Site "?"]
[Date "2009.08.23"]
[Round "5.13"]
[White "Grothues-Lay, Kay"]
[Black "Röhlich, Dirk"]
[Result "1/2-1/2"]
[WhiteElo "1852"]
[BlackElo "1519"]
[PlyCount "35"]
[EventDate "2009.??.??"]
[WhiteTeam "Schachverein Erftstadt e.V."]
[BlackTeam "SG Trier"]

1. d4 d5 2. f4 Bf5 3. Nf3 Nf6 4. e3 e6 5. c3 Be7 6. Bd3 Bxd3 7. Qxd3 a6 8. Nbd2
O-O 9. O-O c5 10. Ne5 Nbd7 11. Rf3 Rc8 12. Rh3 g6 13. Qe2 Ne4 14. Nxe4 dxe4 15.
Bd2 f5 16. Kh1 Nxe5 17. fxe5 Bg5 18. Rf1 1/2-1/2

[Event "?"]
[Site "?"]
[Date "2009.08.23"]
[Round "5.14"]
[White "Reichelt, Frank"]
[Black "Schwab, Wolfgang"]
[Result "1-0"]
[WhiteElo "1917"]
[BlackElo "1556"]
[PlyCount "63"]
[EventDate "2009.??.??"]
[WhiteTeam "Ford-Schachfreunde Köln e.V."]
[BlackTeam "Schachverein Turm Sankt Augustin"]

1. e4 c5 2. Nf3 e6 3. d4 cxd4 4. Nxd4 a6 5. Nc3 d6 6. Be3 Nd7 7. Qd2 Ngf6 8. f3
Be7 9. O-O-O b5 10. Nc6 Qc7 11. Nxe7 Kxe7 12. g4 Ne5 13. Qf2 Nc4 14. Bxc4 Qxc4
15. Rd4 Qc6 16. Rhd1 Rd8 17. e5 Ne8 18. Qh4+ f6 19. exd6+ Rxd6 20. Rxd6 Nxd6
21. Qxh7 Ne8 22. Ne4 Kf7 23. Qh5+ Kg8 24. Nxf6+ gxf6 25. Qg6+ Kh8 26. Rd8 Bb7
27. Qxf6+ Kg8 28. Qg6+ Kf8 29. Bc5+ Qxc5 30. Qxe8+ Kg7 31. Rd7+ Kf6 32. Qf7+
1-0

[Event "?"]
[Site "?"]
[Date "2009.08.23"]
[Round "5.15"]
[White "Reinhard, Klaus"]
[Black "Kaplun, David"]
[Result "1/2-1/2"]
[WhiteElo "1868"]
[BlackElo "1527"]
[PlyCount "46"]
[EventDate "2009.??.??"]
[WhiteTeam "vereinslos"]
[BlackTeam "Schachclub Erkrath 1973"]

1. Nf3 d5 2. c4 e6 3. g3 Nf6 4. Bg2 dxc4 5. Qa4+ Bd7 6. Qxc4 Nc6 7. d4 Bd6 8.
O-O O-O 9. Nc3 a6 10. Re1 Qc8 11. e4 e5 12. dxe5 Nxe5 13. Nxe5 Bxe5 14. f4 Bxc3
15. Qxc3 Be6 16. f5 Bd7 17. e5 Ne8 18. f6 g6 19. Bh6 c6 20. Bxf8 Kxf8 21. Qb4+
Kg8 22. Rad1 Be6 23. Rd4 c5 1/2-1/2

[Event "?"]
[Site "?"]
[Date "2009.08.23"]
[Round "5.16"]
[White "Stelzer, Wolfgang"]
[Black "Wassem, Michael"]
[Result "1-0"]
[WhiteElo "1782"]
[BlackElo "1498"]
[PlyCount "61"]
[EventDate "2009.??.??"]
[WhiteTeam "SC Wittlich 1947"]
[BlackTeam "Schachklub Turm Euskirchen 65"]

1. c4 Nf6 2. Nc3 c5 3. g3 e6 4. e4 d6 5. Bg2 Nbd7 6. Nge2 a6 7. O-O Rb8 8. a4
Be7 9. d3 O-O 10. Rb1 e5 11. f4 b6 12. b3 Bb7 13. Qc2 Qc7 14. Bb2 Ra8 15. Nd1
exf4 16. Nxf4 Rae8 17. Ne3 Ne5 18. Rbd1 Nc6 19. Nf5 Bc8 20. Nxg7 Nd4 21. Nxe8
Rxe8 22. Bxd4 cxd4 23. Qb2 Ng4 24. Nd5 Qd8 25. Nxe7+ Qxe7 26. Qxd4 Qg5 27. Rf4
Re6 28. Rdf1 f6 29. Bh3 f5 30. Bxg4 h5 31. Rxf5 1-0

[Event "?"]
[Site "?"]
[Date "2009.08.23"]
[Round "5.17"]
[White "Ziemer, Wolfgang"]
[Black "Gossmann, Jochen"]
[Result "0-1"]
[WhiteElo "1482"]
[BlackElo "1781"]
[PlyCount "56"]
[EventDate "2009.??.??"]
[WhiteTeam "Schachclub Erkrath 1973"]
[BlackTeam "Schachfreunde Köln-Mülheim e.V."]

1. Nf3 g6 2. g3 b6 3. Bg2 Bb7 4. d3 Bg7 5. O-O d6 6. c3 Nd7 7. e4 e5 8. Qb3
Ngf6 9. Be3 O-O 10. Re1 c6 11. c4 Ng4 12. Nc3 Nxe3 13. Rxe3 Nc5 14. Qc2 Ne6 15.
Ree1 f5 16. Nh4 f4 17. Qd1 Qf6 18. Nf3 Bc8 19. Ne2 fxg3 20. fxg3 Ng5 21. Rf1
Nh3+ 22. Kh1 g5 23. Qd2 g4 24. Nh4 Nf2+ 25. Kg1 Bh6 26. Qe1 Be3 27. Nc3 Qh6 28.
Nd1 Nxd1+ 0-1

[Event "?"]
[Site "?"]
[Date "2009.08.23"]
[Round "5.18"]
[White "Sewald, Jörg"]
[Black "Eigemann, Frederik"]
[Result "0-1"]
[WhiteElo "1484"]
[BlackElo "1767"]
[PlyCount "78"]
[EventDate "2009.??.??"]
[WhiteTeam "Schachklub Köln-Worringen 1972"]
[BlackTeam "Schachfreunde Köln-Mülheim e.V."]

1. Nf3 Nf6 2. g3 d5 3. Bg2 c5 4. d3 Nc6 5. Nbd2 e6 6. O-O Be7 7. Re1 O-O 8. e4
b5 9. exd5 exd5 10. Ne5 Bb7 11. Nxc6 Bxc6 12. Nf1 Re8 13. c3 Qd7 14. d4 c4 15.
Bf4 a5 16. a3 b4 17. axb4 axb4 18. Rxa8 Rxa8 19. Qd2 Ra2 20. Qc1 Bd8 21. Qb1 b3
22. Nd2 Nh5 23. Be3 Bc7 24. Nf3 f6 25. Kh1 g6 26. Ng1 Ng7 27. Bh6 Qf7 28. Bxg7
Kxg7 29. Bh3 Bd7 30. Bxd7 Qxd7 31. Kg2 Bd6 32. Rd1 Qf5 33. Nf3 Qc2 34. Rc1 Rxb2
35. Rxc2 Rxb1 36. Re2 Rc1 37. Re3 b2 38. Nd2 Kf7 39. f4 Rc2 0-1

[Event "?"]
[Site "?"]
[Date "2009.08.23"]
[Round "5.19"]
[White "Spisla, Dominik"]
[Black "Knobeloch, Olaf"]
[Result "1-0"]
[WhiteElo "1807"]
[BlackElo "1429"]
[PlyCount "35"]
[EventDate "2009.??.??"]
[WhiteTeam "Brackweder Schachklub von 1924"]
[BlackTeam "Pulheimer Sport-Club 1924/57 e.V"]

1. e4 c5 2. Nf3 d6 3. d4 cxd4 4. Nxd4 Nf6 5. Nc3 a6 6. Be3 Nc6 7. f3 Bd7 8. Qd2
Qc7 9. O-O-O g6 10. Kb1 Bg7 11. Be2 O-O 12. g4 h5 13. gxh5 Nxh5 14. f4 Nxf4 15.
Nxc6 Qxc6 16. Bxf4 Bxc3 17. Qxc3 Qxe4 18. Bh6 1-0

[Event "?"]
[Site "?"]
[Date "2009.08.23"]
[Round "5.20"]
[White "Meul, Willi"]
[Black "Röhlich, Anna"]
[Result "1-0"]
[WhiteElo "1933"]
[BlackElo "1229"]
[PlyCount "83"]
[EventDate "2009.??.??"]
[WhiteTeam "Schachverein 1925 Hürth-Berrenra"]
[BlackTeam "SG Trier"]

1. d4 Nf6 2. Nf3 g6 3. e3 Bg7 4. Bd3 d6 5. O-O O-O 6. Nbd2 Nbd7 7. e4 c5 8. c3
a6 9. a4 b6 10. Qe2 Bb7 11. d5 Re8 12. Rb1 e6 13. dxe6 Rxe6 14. Ng5 Re7 15. f4
Qe8 16. Nc4 d5 17. Nd6 Qb8 18. Nxb7 Qxb7 19. e5 h6 20. Nf3 c4 21. Bc2 Rae8 22.
Qd1 Nh7 23. Be3 Nhf8 24. Bd4 Kh7 25. Re1 b5 26. axb5 axb5 27. Ra1 Qb8 28. Qd2
Ne6 29. g3 Nxd4 30. Nxd4 Qb6 31. Kg2 Nb8 32. h4 h5 33. Nf3 Qc5 34. Ng5+ Kg8 35.
e6 f6 36. Bxg6 fxg5 37. Bxe8 Rxe8 38. hxg5 Nc6 39. Qc2 Kf8 40. Qf5+ Ke7 41.
Qf7+ Kd8 42. Ra8+ 1-0

[Event "?"]
[Site "?"]
[Date "2009.08.23"]
[Round "5.22"]
[White "Kenen, Albert"]
[Black "Knütter, Helmut"]
[Result "0-1"]
[WhiteElo "1478"]
[BlackElo "1626"]
[PlyCount "110"]
[EventDate "2009.??.??"]
[WhiteTeam "Schachfreunde Köln-Longerich 195"]
[BlackTeam "Schachklub Sülz-Klettenberg"]

1. d4 Nf6 2. c4 e6 3. Nc3 Bb4 4. Nf3 Ne4 5. Bd2 Nxd2 6. Qxd2 O-O 7. a3 Bxc3 8.
bxc3 b6 9. g3 Bb7 10. Bg2 f5 11. e3 d6 12. O-O Nd7 13. Rad1 Be4 14. d5 e5 15.
Ne1 Bxg2 16. Nxg2 Nc5 17. f3 Qd7 18. Qc2 Rf6 19. Ne1 Raf8 20. Nd3 Nb7 21. f4 e4
22. Nb2 Nc5 23. Rd2 Qe8 24. Qd1 Rg6 25. Rg2 Qd7 26. Kf2 b5 27. Qe2 Rb8 28. Kg1
Rb6 29. h3 Ra6 30. cxb5 Rxa3 31. c4 a6 32. bxa6 Rxa6 33. g4 h6 34. Kh1 Ra2 35.
Qd1 Ra3 36. Qe2 Rf6 37. g5 hxg5 38. Rxg5 Rh6 39. Rg3 Qe7 40. Rfg1 Rh7 41. Qg2
Ra2 42. Qc2 Nd3 43. Rb1 Qf6 44. Qb3 Rxb2 45. Rxb2 Qxb2 46. Qa4 Qf6 47. Qe8+ Qf8
48. Qe6+ Kh8 49. Kh2 Nc5 50. Qg6 Rh6 51. Qg5 Qf6 52. Rg2 Nd3 53. Ra2 Ne1 54.
Qg3 Nf3+ 55. Kh1 Rg6 0-1